000 00310nam a22001337a 4500
999 _c165125
_d165125
020 _a
082 _a
_b
100 _aCharudev Sastri
245 _aA thesaurus of sanskrit prepositions verbs/
_c
_bby Charudev Sastri.
260 _aNew Delhi:
_bBharathiya,
_c
300 _a
650 _a
942 _cBK